000 00666cam a22002293a 4500
001 1384
003 PGUSA
005 20140828083000.0
008 980701s1998||||xxu|||||s|||||000 1 eng d
040 _aPGUSA
_beng
042 _adc
050 4 _aPR
100 1 _aGalt, John,
_d1779-1839
245 1 4 _aThe Ayrshire Legatees; Or, The Pringle Family
_h[electronic resource] /
_cJohn Galt
260 _bProject Gutenberg,
_c1998
506 _aPublic domain in the USA.
516 _aElectronic text
653 _aScotland -- Social life and customs -- Fiction
830 0 _aProject Gutenberg
_v1384
856 4 0 _uhttp://www.gutenberg.org/ebooks/1384
942 _cEB
999 _c230732
_d230732